[Event "Bundesliga 9798"]
[Site "Deutschland"]
[Date "1998.??.??"]
[Round "?.4"]
[White "Schroll, Gerhard"]
[Black "Roos, Daniel"]
[Result "0-1"]
[WhiteElo "2405"]
[BlackElo "2420"]
[PlyCount "122"]
[EventDate "1997.10.??"]
[EventType "team"]
[EventRounds "15"]
[EventCountry "GER"]
[SourceTitle "Bundesliga 9798"]
[Source "DeepChess"]
[SourceDate "2005.01.01"]
[SourceVersion "1"]
[SourceVersionDate "2005.01.01"]
[SourceQuality "1"]
[WhiteTeam "SVG Plettenberg"]
[BlackTeam "SK Zaehringen 1921"]
[WhiteTeamCountry "GER"]
[BlackTeamCountry "GER"]

1. d4 Nf6 2. c4 g6 3. Nc3 d5 4. Nf3 Bg7 5. Bg5 Ne4 6. cxd5 Nxg5 7. Nxg5 e6 8.
Qd2 exd5 9. Qe3+ Kf8 10. Qf4 Bf6 11. h4 h6 12. Nf3 c6 13. g3 Kg7 14. Bg2 Be6
15. Kf1 Nd7 16. Rd1 Qb8 17. Qd2 a5 18. Ne1 Qd6 19. Nc2 Qc7 20. Bf3 Nb6 21. Ne3
Rad8 22. Qc1 Kh7 23. Ng2 Qd7 24. Nf4 Bf5 25. Kg2 Rhe8 26. e3 Nc4 27. Be2 Nd6
28. Bd3 b6 29. Qc2 Bg7 30. Rhe1 Rc8 31. h5 g5 32. Bxf5+ Nxf5 33. g4 gxf4 34.
gxf5 Bf6 35. exf4 Rg8+ 36. Kf3 b5 37. Qd3 Rb8 38. Rd2 Qa7 39. Nd1 Rbe8 40. Re3
Qa8 41. Rde2 Rd8 42. Rc2 Rg1 43. Nc3 c5 44. Ne2 c4 45. Qd2 Rgg8 46. Rc1 b4 47.
Ng3 Qa7 48. Re5 Qd7 49. Qc2 Kh8 50. Nf1 Rc8 51. Qe2 c3 52. bxc3 bxc3 53. Ng3
Rc4 54. Qe3 c2 55. Kg2 Kh7 56. Qd3 Qc6 57. Re7 Kg7 58. Ra7 Rc8 59. Rxa5 Rxd4
60. Qe2 Rxf4 61. Ra6 Qc4 0-1

[Event "Bundesliga 9798"]
[Site "Deutschland"]
[Date "1998.??.??"]
[Round "?.5"]
[White "Maier, Christian"]
[Black "Luethgens, Eike"]
[Result "1-0"]
[WhiteElo "2380"]
[BlackElo "2305"]
[PlyCount "105"]
[EventDate "1997.10.??"]
[EventType "team"]
[EventRounds "15"]
[EventCountry "GER"]
[SourceTitle "Bundesliga 9798"]
[Source "DeepChess"]
[SourceDate "2005.01.01"]
[SourceVersion "1"]
[SourceVersionDate "2005.01.01"]
[SourceQuality "1"]
[WhiteTeam "SK Zaehringen 1921"]
[BlackTeam "SVG Plettenberg"]
[WhiteTeamCountry "GER"]
[BlackTeamCountry "GER"]

1. e4 Nf6 2. e5 Nd5 3. c4 Nb6 4. c5 Nd5 5. Bc4 e6 6. d4 d6 7. cxd6 cxd6 8. Nf3
Nc6 9. O-O Be7 10. exd6 Qxd6 11. Nc3 Nxc3 12. bxc3 O-O 13. Qe2 b6 14. Rd1 Qc7
15. Bd3 Bb7 16. Bb2 Rad8 17. Rac1 Qf4 18. Qe3 Bd6 19. g3 Qxe3 20. fxe3 Nb4 21.
Be2 Nd5 22. Kf2 Nf6 23. Nd2 e5 24. Bf3 Bxf3 25. Kxf3 Rfe8 26. c4 Bb4 27. dxe5
Rxd2 28. Rxd2 Bxd2 29. Rd1 Nd7 30. Rxd2 Nc5 31. Ba3 Ne6 32. Ke4 Ng5+ 33. Kf5
Rxe5+ 34. Kxe5 Nf3+ 35. Kd5 Nxd2 36. c5 bxc5 37. Bxc5 a6 38. Kc6 f5 39. Kb6 Kf7
40. Kxa6 Ke6 41. Kb5 Kd7 42. a4 Kc7 43. a5 Kb7 44. h3 Nf1 45. g4 fxg4 46. hxg4
g5 47. a6+ Ka8 48. e4 Nh2 49. e5 Nxg4 50. e6 Nf6 51. e7 g4 52. Bd4 Ne8 53. Kc6
1-0

[Event "Bundesliga 9798"]
[Site "Deutschland"]
[Date "1998.??.??"]
[Round "?.6"]
[White "Meyer, Peter"]
[Black "Raupp, Thomas"]
[Result "1-0"]
[WhiteElo "2345"]
[BlackElo "2350"]
[PlyCount "80"]
[EventDate "1997.10.??"]
[EventType "team"]
[EventRounds "15"]
[EventCountry "GER"]
[SourceTitle "Bundesliga 9798"]
[Source "DeepChess"]
[SourceDate "2005.01.01"]
[SourceVersion "1"]
[SourceVersionDate "2005.01.01"]
[SourceQuality "1"]
[WhiteTeam "SVG Plettenberg"]
[BlackTeam "SK Zaehringen 1921"]
[WhiteTeamCountry "GER"]
[BlackTeamCountry "GER"]

1. Nf3 Nf6 2. g3 d5 3. Bg2 e6 4. c4 dxc4 5. Qa4+ Nbd7 6. Qxc4 a6 7. Qb3 c5 8.
d3 Ra7 9. a4 b6 10. Nc3 Bb7 11. O-O Be7 12. Bd2 O-O 13. Rad1 Qa8 14. Rfe1 Rc8
15. Qc4 Nd5 16. Qg4 N7f6 17. Qh3 Nxc3 18. bxc3 b5 19. Rb1 Bc6 20. Ne5 Bxg2 21.
Qxg2 Qxg2+ 22. Kxg2 Bd6 23. Nf3 Rb7 24. axb5 axb5 25. Rb2 Rcb8 26. Reb1 Kf8 27.
e4 Nd7 28. Ne1 Ke8 29. f4 Kd8 30. Nc2 Kc7 31. d4 f5 32. e5 Be7 33. Be3 g6 34.
dxc5 Nxc5 35. Nd4 Kd7 36. Nxb5 Ne4 37. c4 Bc5 38. Bxc5 Nxc5 39. Rd1+ Ke7 40.
Ra2 Rc8 1-0

[Event "Bundesliga 9798"]
[Site "Deutschland"]
[Date "1998.??.??"]
[Round "?.7"]
[White "Schuh, Hubert"]
[Black "Michalczak, Thomas"]
[Result "1-0"]
[WhiteElo "2305"]
[BlackElo "2275"]
[PlyCount "73"]
[EventDate "1997.10.??"]
[EventType "team"]
[EventRounds "15"]
[EventCountry "GER"]
[SourceTitle "Bundesliga 9798"]
[Source "DeepChess"]
[SourceDate "2005.01.01"]
[SourceVersion "1"]
[SourceVersionDate "2005.01.01"]
[SourceQuality "1"]
[WhiteTeam "SK Zaehringen 1921"]
[BlackTeam "SVG Plettenberg"]
[WhiteTeamCountry "GER"]
[BlackTeamCountry "GER"]

1. Nf3 Nf6 2. d4 g6 3. c4 c5 4. g3 Bg7 5. Bg2 O-O 6. O-O d6 7. Nc3 cxd4 8. Nxd4
Nc6 9. Nxc6 bxc6 10. Bxc6 Rb8 11. Bg2 Qa5 12. Qc2 Qh5 13. b3 Bh3 14. Bd2 Ng4
15. Qe4 f5 16. Qd5+ Kh8 17. Bxh3 Qxh3 18. Qg2 Qh5 19. Rac1 Bd4 20. Nd5 e5 21.
e3 Bb6 22. Bc3 g5 23. h3 Nf6 24. Nxf6 Rxf6 25. g4 fxg4 26. Qxg4 Qxg4+ 27. hxg4
Rf3 28. Kg2 Rbf8 29. Rcd1 R3f6 30. b4 Rd8 31. Rd5 Rh6 32. Rh1 Rf6 33. Rhd1 Rdf8
34. R1d2 h5 35. gxh5 Rh6 36. Rxd6 Rxh5 37. Rxb6 1-0

[Event "Bundesliga 9798"]
[Site "Deutschland"]
[Date "1998.??.??"]
[Round "?.8"]
[White "Schlecht, Daniel"]
[Black "Vatter, Hans Joachim"]
[Result "1/2-1/2"]
[WhiteElo "2270"]
[BlackElo "2265"]
[PlyCount "133"]
[EventDate "1997.10.??"]
[EventType "team"]
[EventRounds "15"]
[EventCountry "GER"]
[SourceTitle "Bundesliga 9798"]
[Source "DeepChess"]
[SourceDate "2005.01.01"]
[SourceVersion "1"]
[SourceVersionDate "2005.01.01"]
[SourceQuality "1"]
[WhiteTeam "SVG Plettenberg"]
[BlackTeam "SK Zaehringen 1921"]
[WhiteTeamCountry "GER"]
[BlackTeamCountry "GER"]

1. d4 Nf6 2. c4 c5 3. d5 b5 4. cxb5 a6 5. b6 Qxb6 6. Nc3 a5 7. e4 d6 8. Bb5+
Bd7 9. a4 g6 10. Nf3 Bg7 11. O-O O-O 12. Nd2 Ne8 13. Nc4 Qd8 14. Bf4 Nc7 15. e5
Bxb5 16. axb5 dxe5 17. Bxe5 Ne8 18. Bxb8 Qxb8 19. Nxa5 Nd6 20. Nc6 Qb7 21. Re1
Bf6 22. Qe2 Kg7 23. g3 Rfe8 24. Na4 Qxb5 25. Qxb5 Nxb5 26. Nxc5 Rxa1 27. Rxa1
Nc7 28. Ra7 Nxd5 29. b4 Rc8 30. b5 Nc3 31. Nd7 Nxb5 32. Ra6 Nd4 33. Nxf6 Rxc6
34. Rxc6 Nxc6 35. Nd5 e6 36. Ne3 g5 37. h3 f5 38. Kg2 Kf6 39. f4 h6 40. h4 g4
41. Kf2 Nb4 42. Nc4 Nd3+ 43. Ke3 Nc5 44. Nd2 Ke7 45. Kf2 Kd6 46. Nc4+ Kd5 47.
Ne5 Kd4 48. Kg2 Nd3 49. Nf7 h5 50. Nd6 Ke3 51. Ne8 Ne1+ 52. Kf1 Kf3 53. Kxe1
Kxg3 54. Ng7 Kxh4 55. Kf2 g3+ 56. Kg2 Kg4 57. Nxh5 Kxh5 58. Kxg3 Kg6 59. Kf3
Kf7 60. Ke3 Ke7 61. Kd3 Kd7 62. Kc3 Kc7 63. Kd3 Kc6 64. Kc4 Kd6 65. Kd4 Ke7 66.
Kd3 Kf6 67. Ke3 1/2-1/2

[Event "Bundesliga 9798"]
[Site "Deutschland"]
[Date "1998.??.??"]
[Round "?.1"]
[White "Womacka, Mathias"]
[Black "Baklan, Vladimir"]
[Result "0-1"]
[WhiteElo "2475"]
[BlackElo "2570"]
[PlyCount "66"]
[EventDate "1997.10.??"]
[EventType "team"]
[EventRounds "15"]
[EventCountry "GER"]
[SourceTitle "Bundesliga 9798"]
[Source "DeepChess"]
[SourceDate "2005.01.01"]
[SourceVersion "1"]
[SourceVersionDate "2005.01.01"]
[SourceQuality "1"]
[WhiteTeam "USG Chemnitz"]
[BlackTeam "SK Zaehringen 1921"]
[WhiteTeamCountry "GER"]
[BlackTeamCountry "GER"]

1. e4 c5 2. Nf3 d6 3. d4 cxd4 4. Nxd4 Nf6 5. Nc3 Nc6 6. Be2 e5 7. Nf3 h6 8. O-O
Be7 9. Re1 O-O 10. h3 b6 11. Bc4 Na5 12. Bf1 Qc7 13. Nd5 Nxd5 14. exd5 Bf5 15.
c3 a6 16. a4 Bd8 17. Be3 Nc4 18. Bc1 Bg6 19. b3 Na5 20. Bb2 f5 21. Nd2 Bg5 22.
Nc4 Nxc4 23. Bxc4 e4 24. Be2 f4 25. Bh5 Bf5 26. c4 f3 27. gxf3 Bxh3 28. fxe4
Bh4 29. Bd4 Qe7 30. Kh2 Bxf2 31. Bxf2 Rxf2+ 32. Kxh3 Qe5 33. Rh1 Qc3+ 0-1

[Event "Bundesliga 9798"]
[Site "Deutschland"]
[Date "1998.??.??"]
[Round "?.2"]
[White "Roos, Daniel"]
[Black "Roesch, Arnd"]
[Result "1/2-1/2"]
[WhiteElo "2420"]
[BlackElo "2350"]
[PlyCount "48"]
[EventDate "1997.10.??"]
[EventType "team"]
[EventRounds "15"]
[EventCountry "GER"]
[SourceTitle "Bundesliga 9798"]
[Source "DeepChess"]
[SourceDate "2005.01.01"]
[SourceVersion "1"]
[SourceVersionDate "2005.01.01"]
[SourceQuality "1"]
[WhiteTeam "SK Zaehringen 1921"]
[BlackTeam "USG Chemnitz"]
[WhiteTeamCountry "GER"]
[BlackTeamCountry "GER"]

1. Nf3 d6 2. d4 Nf6 3. Nbd2 Nbd7 4. c3 e5 5. e4 Be7 6. Bd3 O-O 7. O-O b6 8. Re1
Bb7 9. Qc2 c5 10. d5 Nh5 11. a4 a6 12. c4 a5 13. Nf1 g6 14. Ne3 Kh8 15. h3 Ndf6
16. Kh2 Bc8 17. g3 Ng8 18. Rf1 Ng7 19. Ng1 f5 20. exf5 Nxf5 21. Nxf5 gxf5 22.
Bd2 Qd7 23. Rae1 Bf6 24. Bc3 Ra7 1/2-1/2

[Event "Bundesliga 9798"]
[Site "Deutschland"]
[Date "1998.??.??"]
[Round "?.3"]
[White "Kunze, Carlo"]
[Black "Maier, Christian"]
[Result "1/2-1/2"]
[WhiteElo "2340"]
[BlackElo "2380"]
[PlyCount "41"]
[EventDate "1997.10.??"]
[EventType "team"]
[EventRounds "15"]
[EventCountry "GER"]
[SourceTitle "Bundesliga 9798"]
[Source "DeepChess"]
[SourceDate "2005.01.01"]
[SourceVersion "1"]
[SourceVersionDate "2005.01.01"]
[SourceQuality "1"]
[WhiteTeam "USG Chemnitz"]
[BlackTeam "SK Zaehringen 1921"]
[WhiteTeamCountry "GER"]
[BlackTeamCountry "GER"]

1. d4 Nf6 2. c4 g6 3. Nc3 Bg7 4. e4 d6 5. Be2 O-O 6. Nf3 e5 7. d5 a5 8. Bg5 Na6
9. Nd2 Bd7 10. O-O Nc5 11. b3 Qe8 12. a3 Kh8 13. Qc2 Ng8 14. Nb5 Na6 15. Qc3 f5
16. f3 Qb8 17. Qb2 c6 18. Nc3 Qa7+ 19. Kh1 Nf6 20. b4 Rae8 21. Rab1 1/2-1/2

[Event "Bundesliga 9798"]
[Site "Deutschland"]
[Date "1998.??.??"]
[Round "?.4"]
[White "Gruenenwald, Joerg"]
[Black "Lorenz, Gerd"]
[Result "0-1"]
[WhiteElo "2330"]
[BlackElo "2305"]
[PlyCount "98"]
[EventDate "1997.10.??"]
[EventType "team"]
[EventRounds "15"]
[EventCountry "GER"]
[SourceTitle "Bundesliga 9798"]
[Source "DeepChess"]
[SourceDate "2005.01.01"]
[SourceVersion "1"]
[SourceVersionDate "2005.01.01"]
[SourceQuality "1"]
[WhiteTeam "SK Zaehringen 1921"]
[BlackTeam "USG Chemnitz"]
[WhiteTeamCountry "GER"]
[BlackTeamCountry "GER"]

1. d4 d6 2. e4 Nf6 3. f3 e5 4. d5 Be7 5. Be3 Nh5 6. Qd2 h6 7. g3 Bg5 8. Bh3 Nd7
9. Nc3 Bxe3 10. Qxe3 Qg5 11. Qxg5 hxg5 12. Nb5 Kd8 13. Kf2 Nhf6 14. Bg2 a6 15.
Nc3 c6 16. Rd1 Ke7 17. Nh3 g4 18. Ng5 gxf3 19. Bxf3 cxd5 20. Nxd5+ Nxd5 21.
exd5 b5 22. h4 Nb6 23. g4 Bb7 24. Be4 Na4 25. Rb1 Nc5 26. Bg2 f6 27. Nf3 Rac8
28. Rhe1 Bxd5 29. Nxe5 fxe5 30. Bxd5 Rxh4 31. Kg3 Rch8 32. Rh1 Rxh1 33. Bxh1
Ne6 34. Bb7 Rb8 35. Be4 Nf4 36. Rd1 Rh8 37. g5 Ke6 38. Kg4 d5 39. Bf5+ Kd6 40.
c3 Rh2 41. Rb1 Rg2+ 42. Kh4 Ne6 43. Bxe6 Kxe6 44. Kh5 e4 45. Kg6 Ke5 46. Rf1 e3
47. Rf7 e2 48. Re7+ Kf4 49. Kf7 Kxg5 0-1

[Event "Bundesliga 9798"]
[Site "Deutschland"]
[Date "1998.??.??"]
[Round "?.5"]
[White "Kyas, Juergen"]
[Black "Roos, Jean Luc"]
[Result "0-1"]
[WhiteElo "2265"]
[BlackElo "2310"]
[PlyCount "124"]
[EventDate "1997.10.??"]
[EventType "team"]
[EventRounds "15"]
[EventCountry "GER"]
[SourceTitle "Bundesliga 9798"]
[Source "DeepChess"]
[SourceDate "2005.01.01"]
[SourceVersion "1"]
[SourceVersionDate "2005.01.01"]
[SourceQuality "1"]
[WhiteTeam "USG Chemnitz"]
[BlackTeam "SK Zaehringen 1921"]
[WhiteTeamCountry "GER"]
[BlackTeamCountry "GER"]

1. e4 e6 2. d4 d5 3. Nd2 Nf6 4. e5 Nfd7 5. Bd3 c5 6. c3 Nc6 7. Ne2 Qb6 8. Nf3
cxd4 9. cxd4 f6 10. exf6 Nxf6 11. O-O Bd6 12. Nc3 O-O 13. Be3 Bd7 14. Rc1 a6
15. Na4 Qa5 16. Bd2 Bb4 17. Nc3 Qd8 18. Re1 Bd6 19. h3 b5 20. Bg5 h6 21. Be3
Be8 22. a3 Rc8 23. Nb1 Bh5 24. Be2 Ne4 25. Nbd2 Bg6 26. b4 Bb8 27. Nxe4 Bxe4
28. g3 Qf6 29. Nh2 Ba7 30. Ng4 Qe7 31. h4 Bb6 32. Qd2 Qa7 33. Rcd1 Ne7 34. Bd3
Bxd3 35. Qxd3 Nf5 36. Ne5 Rc7 37. Rc1 Rfc8 38. Rxc7 Rxc7 39. Rd1 Rc8 40. Ng6
Qf7 41. h5 Nd6 42. a4 Nc4 43. Qb3 Qf6 44. a5 Bd8 45. Bf4 Qf5 46. Qf3 Bf6 47.
Kg2 Nb2 48. Rd2 Na4 49. Re2 Rc3 50. Re3 Rxe3 51. fxe3 Nc3 52. g4 Qc2+ 53. Kh3
Ne4 54. Qf1 Qc4 55. Qe1 Qc2 56. Be5 Ng5+ 57. Kg3 Qe4 58. Qe2 Qh1 59. Bxf6 gxf6
60. Kf4 Kf7 61. Kg3 Ne4+ 62. Kf4 Qg1 0-1

[Event "Bundesliga 9798"]
[Site "Deutschland"]
[Date "1998.??.??"]
[Round "?.6"]
[White "Schuh, Hubert"]
[Black "Ahner, Andreas"]
[Result "1/2-1/2"]
[WhiteElo "2305"]
[BlackElo "2250"]
[PlyCount "44"]
[EventDate "1997.10.??"]
[EventType "team"]
[EventRounds "15"]
[EventCountry "GER"]
[SourceTitle "Bundesliga 9798"]
[Source "DeepChess"]
[SourceDate "2005.01.01"]
[SourceVersion "1"]
[SourceVersionDate "2005.01.01"]
[SourceQuality "1"]
[WhiteTeam "SK Zaehringen 1921"]
[BlackTeam "USG Chemnitz"]
[WhiteTeamCountry "GER"]
[BlackTeamCountry "GER"]

1. d4 Nf6 2. Nf3 g6 3. c4 Bg7 4. g3 d6 5. Bg2 O-O 6. O-O Nbd7 7. Qc2 e5 8. Rd1
Re8 9. e4 a6 10. Nc3 exd4 11. Nxd4 Ne5 12. c5 Qe7 13. cxd6 cxd6 14. Bg5 Qc7 15.
Bxf6 Bxf6 16. Nd5 Qd8 17. Nc7 Nc6 18. Nxe8 Bxd4 19. Rxd4 Nxd4 20. Qd3 Ne2+ 21.
Qxe2 Qxe8 22. Qe3 Qb5 1/2-1/2

[Event "Bundesliga 9798"]
[Site "Deutschland"]
[Date "1998.??.??"]
[Round "?.7"]
[White "Helbig, Jan"]
[Black "Herbrechtsmeier, Christof"]
[Result "1/2-1/2"]
[WhiteElo "2180"]
[BlackElo "2280"]
[PlyCount "88"]
[EventDate "1997.10.??"]
[EventType "team"]
[EventRounds "15"]
[EventCountry "GER"]
[SourceTitle "Bundesliga 9798"]
[Source "DeepChess"]
[SourceDate "2005.01.01"]
[SourceVersion "1"]
[SourceVersionDate "2005.01.01"]
[SourceQuality "1"]
[WhiteTeam "USG Chemnitz"]
[BlackTeam "SK Zaehringen 1921"]
[WhiteTeamCountry "GER"]
[BlackTeamCountry "GER"]

1. d4 Nf6 2. Nf3 g6 3. c4 Bg7 4. Nc3 d5 5. g3 O-O 6. Bg2 Nc6 7. cxd5 Nxd5 8.
O-O Nb6 9. e3 e5 10. d5 Na5 11. e4 c6 12. dxc6 Nxc6 13. b3 Bg4 14. Ba3 Qxd1 15.
Rfxd1 Rfd8 16. Rxd8+ Rxd8 17. Rd1 Nd4 18. Kh1 Bf6 19. Rd3 Nxf3 20. Rxd8+ Bxd8
21. h3 Be6 22. Bxf3 Bxh3 23. Nd5 Bd7 24. Bd6 f6 25. Bb8 a6 26. Ba7 Nc8 27. Bc5
Kf7 28. Be2 Be6 29. Bc4 Be7 30. Nxe7 Nxe7 31. Bd3 Ke8 32. Kg2 Kd7 33. Kf3 Nc8
34. Bf8 Nd6 35. Ke3 a5 36. f4 a4 37. fxe5 axb3 38. axb3 fxe5 39. b4 Bb3 40. Bg7
Ke6 41. Bf1 Nf7 42. Bb5 Nd6 43. Bf1 Nf7 44. Bb5 Nd6 1/2-1/2

[Event "Bundesliga 9798"]
[Site "Deutschland"]
[Date "1998.??.??"]
[Round "?.8"]
[White "Vatter, Hans Joachim"]
[Black "Sobeck, Guenter"]
[Result "1/2-1/2"]
[WhiteElo "2265"]
[BlackElo "2120"]
[PlyCount "102"]
[EventDate "1997.10.??"]
[EventType "team"]
[EventRounds "15"]
[EventCountry "GER"]
[SourceTitle "Bundesliga 9798"]
[Source "DeepChess"]
[SourceDate "2005.01.01"]
[SourceVersion "1"]
[SourceVersionDate "2005.01.01"]
[SourceQuality "1"]
[WhiteTeam "SK Zaehringen 1921"]
[BlackTeam "USG Chemnitz"]
[WhiteTeamCountry "GER"]
[BlackTeamCountry "GER"]

1. e4 e5 2. Nf3 Nc6 3. Bc4 Nf6 4. d4 exd4 5. O-O Nxe4 6. Re1 d5 7. Bxd5 Qxd5 8.
Nc3 Qa5 9. Nxe4 Be6 10. Bd2 Qd5 11. Bg5 Bd6 12. Bf6 O-O 13. Nxd4 Nxd4 14. Qxd4
Qxd4 15. Bxd4 Rfd8 16. Nxd6 Rxd6 17. Be3 Rad8 18. f3 h6 19. Kf2 a5 20. a4 Rc6
21. Re2 Bf5 22. c3 Rcd6 23. Bf4 R6d7 24. Re5 Rd5 25. Rae1 c6 26. Re8+ Rxe8 27.
Rxe8+ Kh7 28. Re7 Rd7 29. Re5 Rd5 30. Rxd5 cxd5 31. Ke3 Bc2 32. Kd4 Bxa4 33.
Bc7 Bb3 34. Bxa5 b5 35. Bb4 g6 36. Ke5 Kg7 37. Be7 h5 38. Bf6+ Kf8 39. Kd6 Ke8
40. f4 Bc4 41. Bd4 Kf8 42. Kd7 Bb3 43. Bc5+ Kg7 44. Ke7 f5 45. Bd4+ Kh7 46. Bf6
Bc4 47. g3 Bb3 48. Be5 Bc4 49. Bd4 Bb3 50. Kd6 Bc4 51. Kc5 Kg8 1/2-1/2

[Event "Bundesliga 9798"]
[Site "Deutschland"]
[Date "1997.??.??"]
[Round "?.1"]
[White "Van der Sterren, Paul"]
[Black "Epishin, Vladimir"]
[Result "1-0"]
[WhiteElo "2555"]
[BlackElo "2570"]
[PlyCount "65"]
[EventDate "1997.10.??"]
[EventType "team"]
[EventRounds "15"]
[EventCountry "GER"]
[SourceTitle "Bundesliga 9798"]
[Source "DeepChess"]
[SourceDate "2005.01.01"]
[SourceVersion "1"]
[SourceVersionDate "2005.01.01"]
[SourceQuality "1"]
[WhiteTeam "SV Castrop Rauxel 1923"]
[BlackTeam "SV Empor Berlin e.V."]
[WhiteTeamCountry "GER"]
[BlackTeamCountry "GER"]

1. d4 Nf6 2. c4 e6 3. Nf3 b6 4. g3 Ba6 5. b3 b5 6. Bg2 d5 7. cxd5 Nxd5 8. O-O
Be7 9. e4 Nf6 10. Nbd2 Bb7 11. Qe2 O-O 12. Bb2 c6 13. Ne5 Na6 14. Rfd1 Qb6 15.
Nf1 c5 16. d5 Nc7 17. Ne3 Rfd8 18. N5g4 Nfe8 19. Rd2 exd5 20. exd5 Bf8 21. Rad1
Nd6 22. Nh6+ Kh8 23. Qh5 Rd7 24. Bh3 Rad8 25. Bxd7 Rxd7 26. Neg4 f6 27. Nf5 Ne4
28. Re2 Rxd5 29. Rxd5 Bxd5 30. Rxe4 Bxe4 31. Qf7 Ne6 32. Nxf6 gxf6 33. Bxf6+
1-0

[Event "Bundesliga 9798"]
[Site "Deutschland"]
[Date "1997.??.??"]
[Round "?.2"]
[White "Muse, Mladen"]
[Black "Gallagher, Joseph G"]
[Result "1-0"]
[WhiteElo "2460"]
[BlackElo "2525"]
[PlyCount "91"]
[EventDate "1997.10.??"]
[EventType "team"]
[EventRounds "15"]
[EventCountry "GER"]
[SourceTitle "Bundesliga 9798"]
[Source "DeepChess"]
[SourceDate "2005.01.01"]
[SourceVersion "1"]
[SourceVersionDate "2005.01.01"]
[SourceQuality "1"]
[WhiteTeam "SV Empor Berlin e.V."]
[BlackTeam "SV Castrop Rauxel 1923"]
[WhiteTeamCountry "GER"]
[BlackTeamCountry "GER"]

1. d4 Nf6 2. c4 g6 3. Nc3 Bg7 4. e4 d6 5. h3 O-O 6. Nf3 Na6 7. Be3 e5 8. d5 Nc5
9. Nd2 a5 10. a3 Nfd7 11. b4 f5 12. g4 axb4 13. axb4 Rxa1 14. Qxa1 Nxe4 15.
Ndxe4 fxe4 16. Nxe4 Nf6 17. Ng3 Qe7 18. Bg2 Kh8 19. Qb1 Bd7 20. g5 Nh5 21. Nxh5
gxh5 22. Be4 Qf7 23. Bxh7 c6 24. Bg6 Qf3 25. Be4 Qf7 26. Qd1 Bf5 27. Bxf5 Qxf5
28. Qxh5+ Kg8 29. O-O cxd5 30. cxd5 e4 31. Rd1 Rc8 32. b5 Rc2 33. Qe8+ Kh7 34.
Qe6 Qg6 35. Rc1 Qxe6 36. dxe6 Rxc1+ 37. Bxc1 Kg6 38. h4 Bf8 39. f3 d5 40. fxe4
dxe4 41. Kg2 Kf5 42. Kh3 Kxe6 43. Kg4 Bd6 44. Be3 Be5 45. h5 Bd6 46. Bd4 1-0

[Event "Bundesliga 9798"]
[Site "Deutschland"]
[Date "1997.??.??"]
[Round "?.3"]
[White "King, Daniel J"]
[Black "Poldauf, Dirk"]
[Result "1-0"]
[WhiteElo "2530"]
[BlackElo "2455"]
[PlyCount "120"]
[EventDate "1997.10.??"]
[EventType "team"]
[EventRounds "15"]
[EventCountry "GER"]
[SourceTitle "Bundesliga 9798"]
[Source "DeepChess"]
[SourceDate "2005.01.01"]
[SourceVersion "1"]
[SourceVersionDate "2005.01.01"]
[SourceQuality "1"]
[WhiteTeam "SV Castrop Rauxel 1923"]
[BlackTeam "SV Empor Berlin e.V."]
[WhiteTeamCountry "GER"]
[BlackTeamCountry "GER"]

1. g3 Nf6 2. Bg2 g6 3. e4 d6 4. Nc3 Bg7 5. d3 O-O 6. f4 e5 7. Nge2 c6 8. h3 Qb6
9. fxe5 dxe5 10. Qd2 Nbd7 11. Qe3 Nc5 12. O-O Nfd7 13. a4 a5 14. b3 Ne6 15.
Qxb6 Nxb6 16. Kh2 Nd7 17. Nd1 Nd4 18. Nxd4 exd4 19. Nb2 b5 20. Bd2 Ne5 21. g4
Be6 22. g5 b4 23. Bf4 Nd7 24. h4 Be5 25. Bh3 Bxf4+ 26. Rxf4 Ne5 27. Raf1 Rfe8
28. Kg3 Rad8 29. Rf6 Rd7 30. Bxe6 Rxe6 31. Rxe6 fxe6 32. Rf6 Re7 33. Nc4 Nxc4
34. bxc4 c5 35. Kf4 e5+ 36. Kg4 Rf7 37. Re6 Rf2 38. Rxe5 Rxc2 39. Rxc5 b3 40.
Rxa5 Rc3 41. Rb5 Rxd3 42. a5 Rd1 43. Rxb3 Ra1 44. Rd3 Rxa5 45. Rxd4 Rc5 46. Kf4
Kf7 47. Ke3 Ke6 48. Kd3 Rc8 49. Rd5 Ra8 50. Rb5 Rd8+ 51. Kc3 Rd7 52. c5 Rd1 53.
Rb7 Rc1+ 54. Kd4 Rd1+ 55. Kc4 Re1 56. Rxh7 Rxe4+ 57. Kb5 Re1 58. Rg7 Kf5 59. c6
Rb1+ 60. Ka6 Ra1+ 1-0

[Event "Bundesliga 9798"]
[Site "Deutschland"]
[Date "1997.??.??"]
[Round "?.4"]
[White "Volke, Karsten"]
[Black "Hoffmann, Michael"]
[Result "1-0"]
[WhiteElo "2455"]
[BlackElo "2440"]
[PlyCount "75"]
[EventDate "1997.10.??"]
[EventType "team"]
[EventRounds "15"]
[EventCountry "GER"]
[SourceTitle "Bundesliga 9798"]
[Source "DeepChess"]
[SourceDate "2005.01.01"]
[SourceVersion "1"]
[SourceVersionDate "2005.01.01"]
[SourceQuality "1"]
[WhiteTeam "SV Empor Berlin e.V."]
[BlackTeam "SV Castrop Rauxel 1923"]
[WhiteTeamCountry "GER"]
[BlackTeamCountry "GER"]

1. d4 Nf6 2. c4 e6 3. Nf3 Bb4+ 4. Nbd2 b6 5. e3 Bb7 6. Bd3 c5 7. O-O cxd4 8.
exd4 O-O 9. a3 Be7 10. b3 d5 11. Bb2 Nc6 12. Rc1 dxc4 13. bxc4 Rc8 14. Qe2 Re8
15. Rfe1 Bf8 16. Bb1 g6 17. Ba2 Bg7 18. Qe3 Ne7 19. Qb3 Nf5 20. Rcd1 Qd6 21.
Bb1 Qf4 22. Bc3 Red8 23. Qb2 Bxf3 24. Nxf3 Nd6 25. Ba2 Nxc4 26. Bxc4 Rxc4 27.
Ne5 Rcc8 28. Rd3 Ng4 29. g3 Nxe5 30. dxe5 Qc4 31. Rf3 Rd3 32. Rxd3 Qxd3 33. Bb4
Rc2 34. Qb1 Qf5 35. f4 Bxe5 36. Qd1 Bf6 37. g4 Qd5 38. Qxd5 1-0

[Event "Bundesliga 9798"]
[Site "Deutschland"]
[Date "1997.??.??"]
[Round "?.5"]
[White "Appel, Ralf"]
[Black "Hetey, Laszlo"]
[Result "1-0"]
[WhiteElo "2495"]
[BlackElo "2345"]
[PlyCount "103"]
[EventDate "1997.10.??"]
[EventType "team"]
[EventRounds "15"]
[EventCountry "GER"]
[SourceTitle "Bundesliga 9798"]
[Source "DeepChess"]
[SourceDate "2005.01.01"]
[SourceVersion "1"]
[SourceVersionDate "2005.01.01"]
[SourceQuality "1"]
[WhiteTeam "SV Castrop Rauxel 1923"]
[BlackTeam "SV Empor Berlin e.V."]
[WhiteTeamCountry "GER"]
[BlackTeamCountry "GER"]

1. Nf3 Nf6 2. g3 g6 3. Bg2 Bg7 4. O-O O-O 5. c4 d6 6. Nc3 c6 7. d4 Qa5 8. h3
Be6 9. Nd2 Na6 10. a3 Qb6 11. e3 c5 12. d5 Bd7 13. e4 Qd8 14. Nf3 Ne8 15. Qe2
Nac7 16. e5 b5 17. cxb5 a6 18. bxa6 Qc8 19. Bg5 f6 20. e6 Bxe6 21. dxe6 fxg5
22. Nxg5 Rxa6 23. Rfe1 Bd4 24. Nf3 Bg7 25. Rac1 Rb6 26. Rc2 Qb8 27. h4 Nf6 28.
Ng5 Rb3 29. Bf3 d5 30. Rd2 d4 31. Nce4 Nxe4 32. Bxe4 Qb5 33. Bd3 Qb7 34. Nxh7
Kxh7 35. Qh5+ Kg8 36. Bxg6 Rf6 37. Bf7+ Kf8 38. Qh7 Rxf7 39. exf7 Kxf7 40. Rde2
Nd5 41. Re5 Kf8 42. Qf5+ Nf6 43. Rxe7 Qxe7 44. Rxe7 Kxe7 45. Qxc5+ Ke8 46. Qxd4
Rb7 47. b4 Rd7 48. Qc4 Nd5 49. a4 Nc3 50. Qg8+ Bf8 51. Qg6+ Ke7 52. Qg5+ 1-0